Mnichov / [Autor:] František Kubka
Děj románu vyplňuje poslední mezeru v rozsáhlém cyklu obrazícím leta 1830-1945. V "Básníkově svatbě" se mladý Jan Martinů oženil s ruskou dívkou Taťánou. "Mnichov" počíná vylíčením Leninova pohřbu, kdy se jižMartinovichystajíknávratu do osvobozeného Československa. Vracejí se do země složitých vnitřních konfliktů, které rychle spějí v mnichovskou tragedii. Zápas o existenční zabezpečení, účast na procesu proti generálu Hořcovi ažurnalistickáčinnostimimo republiku, v Ženevě a Římě, zpevňují charakter a vyhraňují ideové názory hlavního hrdiny. On i Táňa neztrácejí ani v nejhorších chvílích víru v nesmrtelnost národa. Cyklus tvoří romány: Dědeček, Hnízdo vbouři,Básníkovasvatba,Mnichov, Sto dvacet dní, Cizí město a Vítr z hlubin.
Available copies
- 1 of 1 copy available at Common Catalog SPOK.
Holds
- 0 current holds with 1 total copy.
Show Only Available Copies
| Location | Call Number / Copy Notes | Barcode | Shelving Location | Status | Due Date |
|---|---|---|---|---|---|
| KDS Library | 810 KuF | 204576800742 | Library | Available | - |
| LDR | 01612nam a22002651 4500 | ||
|---|---|---|---|
| 001 | 20394 | ||
| 003 | CZ-PrJAB | ||
| 005 | 20150708060931.0 | ||
| 008 | 980731s1956 xr cze | ||
| 015 | . | ‡acnb000680627 | |
| 035 | . | ‡a(CZ PrNK)bk195700015 | |
| 035 | . | ‡a(OCoLC)7148380 | |
| 040 | . | ‡aABA001 ‡bcze ‡cOSA001 ‡dABA001 | |
| 100 | 1 | . | ‡aKubka, František, ‡d1894-1969 ‡7jk01070461 ‡4aut |
| 245 | 1 | 0. | ‡aMnichov / ‡c[Autor:] František Kubka |
| 250 | . | ‡a1. vyd. | |
| 260 | . | ‡aPraha : ‡bČeskoslovenský spisovatel, ‡c1956 ‡e([Brno] : ‡fBrněn. knihtisk 2) | |
| 300 | . | ‡a309, [1] s. ; ‡c8° | |
| 490 | 1 | . | ‡aŽatva ; ‡vSv. 222 |
| 500 | . | ‡a20000 výt. | |
| 520 | . | ‡aDěj románu vyplňuje poslední mezeru v rozsáhlém cyklu obrazícím leta 1830-1945. V "Básníkově svatbě" se mladý Jan Martinů oženil s ruskou dívkou Taťánou. "Mnichov" počíná vylíčením Leninova pohřbu, kdy se jižMartinovichystajíknávratu do osvobozeného Československa. Vracejí se do země složitých vnitřních konfliktů, které rychle spějí v mnichovskou tragedii. Zápas o existenční zabezpečení, účast na procesu proti generálu Hořcovi ažurnalistickáčinnostimimo republiku, v Ženevě a Římě, zpevňují charakter a vyhraňují ideové názory hlavního hrdiny. On i Táňa neztrácejí ani v nejhorších chvílích víru v nesmrtelnost národa. Cyklus tvoří romány: Dědeček, Hnízdo vbouři,Básníkovasvatba,Mnichov, Sto dvacet dní, Cizí město a Vítr z hlubin. | |
| 830 | 0. | ‡aŽatva | |
| 910 | . | ‡aABE463 | |
| 964 | . | ‡aMnichov (diktát r. 1938) - romány | |
| 964 | . | ‡aČSR předmnichovská - rok 1924-1938 - romány | |
| 998 | . | ‡a000680627 | |
| 901 | . | ‡a20394 ‡b ‡c20394 ‡tbiblio | |